1376 1619 1188 1650 1749 1479 1627 1364 1794 1686 1564 1475 1300 1303 2000 1178 1607 1626 1978 1741 1222 1468 1041 1915 1549 1799 1288 1800 1606 1868 1224 1982 1843 1627 1883 1545 1588 1955 1845 1464 1470 1507 1535 1346 1408 1747 1259 1464 1335 1921 1458 1322 1479 1675 1146 1717 1400 1374 1529 1076 1934 1570 1552 1294 1124 1104 1681 1629 1704 1483 1441 1466 1422 1778 1560 1889 1678 1686 1492 1117 1195 1199 1649 1035 1130 1203 1717 1414 1508 1091 1045 1562 1438 1954 1228 1546 1293 1299 1572 BCNSPRNW ULIB Ver.6.0+V

เปลี่ยนเป็นภาษาไทย

Change to English
 แสดงรายละเอียดบรรณานุกรม
  กลับหน้าหลัก

Brief Record : Get Marc (ISO 2709) : E-mail record : QR code < ปิดหน้าต่าง
LEADER : 00000nam 2200000uu 4500
001    13399125238
003     ULIB
008    161122s2558||||th 000 0 tha d
060 04 ^aWM203.5^bส181ก
100 0  ^aสถาบันสิรินธรเพื่อการฟื้นฟูสมรรถภาพทางการแพทย์แห่งชาติ
245 00 ^aการดูแลเด็กออทิสติก ;^bคู่มือหลักสูตรอบรมจิตอาสา อาสาสมัครสำหรับดูแลคนพิการทางร่างกายและการเคลื่อนไหว /^cสถาบันสิรินธรเพื่อการฟื้นฟูสมรรถภาพทางการแพทย์แห่งชาติ กรมการแพทย์ กระทรวงสาธารณสุข
250    ^aพิมพ์ครั้งที่ 1
260    ^aนนทบุรี :^bบริษัทสหมิตรพริ้นติ้งแอนด์พับลิสชิ่ง จำกัด,^c2558
300    ^a32หน้า ;^c21 ซม.
650  4 ^aคู่มือ
650  4 ^aเด็ก^xออทิสติก
710 2  ^aสถาบันสิรินธรเพื่อการฟื้นฟูสมรรถภาพทางการแพทย์แห่งชาติ^bกรมการแพทย์ กระทรวงสาธารณสุข
945    ^p0^l0^i001540
999 ^a ^aวรรณษา ชูชัยมงคล
รายการนี้ยังไม่มีแท็ก
คุณยังไม่ได้ล็อกอิน คุณสามารถมีกิจกรรมร่วมกับเว็บไซต์ได้ แต่ต้องล็อกอินก่อน ::
  ล็อกอิน

รายการสื่อสารสนเทศ

ลำดับที่ ประเภท เลขเรียก/บาร์โค้ด สถานที่ สถานะ
1. Book การพยาบาล
Book การพยาบาล
สถานะ=หนังสือเก่า
WM203.5 ส181ก ฉ.1 
  Barcode: 001540
ห้องสมุดวิทยาเขตสวรรค์ประชารักษ์
►ส่วนจัดเก็บหนังสือเก่า สปร
บนชั้น
  ขอยืม

รายการใกล้เคียง
    ผู้แต่ง [สถาบันสิรินธรเพื่อการฟื้นฟูสมรรถภาพทางการแพทย์แห่งชาติ]

    หัวเรื่อง [คู่มือ]

BibComment


ยังไม่เคยถูกคอมเมนท์

คอมเมนท์ทรัพยากรรายการนี้
  คอมเมนท์: การดูแลเด็กออทิส..


 Copyright 2026. Bcnsprnw @Library